000 00938nam a22002177a 4500
005 20141009045334.0
008 100120s2010 nyua 001 0 eng
020 _a9780071629959
024 0 _ceng
080 _a62-16/-17
100 1 _aCharnock, Elizabeth.
245 1 0 _aE-habits :
_cElizabeth Charnock.
250 _a1 st.ed.;
260 _aNew York :
_bMcGraw-Hill,
_c2010.
300 _a250 f. :
_bme il.;
_c21 cm.
500 _aIncludes index f.247-250
505 0 _aThe digital you -- The digital you at work -- Actions speak louder than words -- Annoying digital you character traits -- The digital you in a bad mood -- Love, sex, romance and the digital you -- When the spotlight shines on you -- The twists and turns of the digital grapevine -- Can the digital you improve the real you?.
650 0 _aKomunikimi
650 0 _aTeknologjia
942 _2udc
_cBK
999 _c516
_d516